Statistics for Premier League 2022/23 Transfers

Click here to take the quiz!

General Stats

  • This quiz has been taken 130 times
  • The average score is 83 of 202

Answer Stats

FeeFromToNationPlayer% Correct
£83.4MAjaxManchester UnitedBrazilAntony
97%
£65.8MSL BenficaLiverpoolUruguayDarwin Nunez
96%
£106.2MSL BenficaChelseaArgentinaEnzo Fernandez
96%
£53.1MBorussia DortmundManchester CityNorwayErling Haaland
96%
£61.9MReal SociedadNewcastle UnitedSwedenAlexander Isak
95%
£62.4MReal MadridManchester UnitedBrazilCasemiro
95%
£46.2MManchester CityArsenalBrazilGabriel Jesus
95%
£51.3MEvertonTottenham HotspurBrazilRicharlison
95%
£61.9MShakhtar DonetskChelseaUkraineMykhailo Mudryk
94%
£10.5MMolde FKChelseaIvory CoastDavid Datro Fofana
92%
£70.5MLeicester CityChelseaFranceWesley Fofana
92%
£49.7MManchester CityChelseaEnglandRaheem Sterling
91%
£50.7MAjaxManchester UnitedArgentinaLisandro Martinez
90%
£43.1MLeeds UnitedManchester CityEnglandKalvin Phillips
86%
£37.1MPSV EindhovenLiverpoolNetherlandsCody Gakpo
85%
£37.9MOlympique LyonWest Ham UnitedBrazil
Lucas Paqueta
85%
£57.8MBrighton & Hove AlbionChelseaSpainMarc Cucurella
85%
£30.9MManchester CityArsenalUkraineOleksandr Zinchenko
83%
£44.2MAtalantaTottenham HotspurArgentinaCristian Romero
81%
£33.6MNapoliChelseaSenegalKalidou Koulibaly
81%
£40.3MEvertonNewcastle UnitedEnglandAnthony Gordon
78%
£32.7MLOSC LilleNewcastle UnitedNetherlandsSven Botman
77%
£31.8MSassuoloWest Ham UnitedItalyGianluca Scamacca
76%
£39.8MSporting CPWolvesPortugalMatheus Nunes
76%
£21.2MBrighton & Hove AlbionArsenalBelgiumLeandro Trossard
74%
£30.9MPSV EindhovenChelseaEnglandNoni Madueke
72%
£25.8MBrighton & Hove AlbionTottenham HotspurMaliYves Bissouma
72%
£31.8MLOSC LilleEvertonBelgiumAmadou Onana
71%
£29MRB SalzburgLeeds UnitedUnited StatesBrenden Aaronson
71%
£8.7MOlympique MarseilleSouthamptonCroatiaDuje Caleta-Car
69%
£30.9MStade RennesWest Ham UnitedMoroccoNayef Aguerd
69%
£27.4MSevilla FCAston VillaBrazilDiego Carlos
68%
£30.9MFC PortoArsenalPortugalFabio Vieira
68%
£33.6MAS MonacoChelseaFranceBenoit Badiashile
64%
£3.5MFC BordeauxNottingham ForestSouth KoreaHwang Ui-Jo
64%
£26.1MWolvesNottingham ForestEnglandMorgan Gibbs-White
63%
£28.8MValencia CFWolvesPortugalGoncalo Guedes
62%
£17.7MFC BarcelonaAston VillaBrazilPhilippe Coutinho
62%
£15.4MBorussia DortmundManchester CitySwitzerlandManuel Akanji
60%
£15MRB LeipzigLeeds UnitedUnited StatesTyler Adams
60%
£22.1MSpezia CalcioArsenalPolandJakub Kiwior
59%
£17.7MLiverpoolNottingham ForestWalesNeco Williams
59%
£13.2MFeyenoordManchester UnitedNetherlandsTyrell Malacia
59%
£22.1MFeyenoordLeeds UnitedColombiaLuis Sinisterra
58%
£10.5MFC BarcelonaChelseaGabonPierre-Emerick Aubameyang
58%
£13.6MChelseaWest Ham UnitedItalyEmerson
56%
£18.3MBurnleyWest Ham UnitedIvory CoastMaxwel Cornet
56%
£15.7MVillarreal CFBrighton & Hove AlbionEcuadorPervis Estupinan
56%
£17.7MSporting CPFulhamPortugalJoao Palhinha
53%
£14.7MRB LeipzigWolvesSouth KoreaHwang Hee-Chan
51%
£10MChelseaArsenalItalyJorginho
51%
£8.1MPSGWest Ham UnitedFranceAlphonse Areola
50%
£12.3MManchester CitySouthamptonIrelandGavin Bazunu
50%
£21.5MBurnleyWolvesIrelandNathan Collins
50%
£18.1MUnion BerlinNottingham ForestNigeriaTaiwo Awoniyi
50%
£18.8MRC LensCrystal PalaceMaliCheick Doucoure
49%
£10.5MPSGWest Ham UnitedGermanyThilo Kehrer
49%
£13.1MWatfordNottingham ForestNigeriaEmmanuel Dennis
47%
£10.7MManchester CitySouthamptonBelgiumRomeo Lavia
47%
£8.3MManchester UnitedFulhamBrazilAndreas Pereira
46%
£15MStoke CityLeicester CityAustraliaHarry Souttar
46%
£26.5MOlympique LyonChelseaFranceMalo Gusto
46%
£14.6MBolognaBrentfordScotlandAaron Hickey
45%
£17.7MPalmeirasNottingham ForestBrazilDanilo
45%
£13.2MWolvesAston VillaBelgiumLeander Dendoncker
45%
£11.5MRSC AnderlechtManchester CitySpainSergio Gomez
45%
£15.9MAston VillaChelseaEnglandCarney Chukwuemeka
44%
£24.7MTSG HoffenheimLeeds UnitedFranceGeorginio Rutter
44%
Free TransferBurnleyEvertonEnglandJames Tarkowski
44%
£5.5MNew EnglandArsenalUnited StatesMatt Turner
44%
£13.2MSampdoriaBrentfordDenmarkMikkel Damsgaard
44%
£10.1MBurnleyNewcastle UnitedEnglandNick Pope
44%
£11.9MReal BetisAston VillaSpainAlex Moreno
42%
LoanNewcastle UnitedNottingham ForestNew ZealandChris Wood
42%
£13MMiddlesbroughTottenham HotspurEnglandDjed Spence
42%
£15.4MAston VillaNewcastle UnitedEnglandMatt Targett
42%
LoanJuventusLeeds UnitedUnited StatesWeston McKennie
42%
£15MStade ReimsLeicester CityBelgiumWout Faes
42%
£12MRacing ClubSouthamptonArgentinaCarlos Alcaraz
41%
£15MBurnleyEvertonEnglandDwight McNeil
41%
LoanPSGNottingham ForestCosta RicaKeylor Navas
41%
£13.2MFeyenoordBournemouthArgentinaMarcos Senesi
41%
£10.5MBayern MunichLeeds UnitedSpainMarc Roca
41%
£10.4MBrighton & Hove AlbionEvertonFranceNeal Maupay
41%
£9.2MChelseaBrighton & Hove AlbionScotlandBilly Gilmour
40%
£10.5MBayern MunichCrystal PalaceUnited StatesChris Richards
40%
£15.9MUdineseTottenham HotspurItalyDestiny Udogie
40%
£10.2MLibertadBrighton & Hove AlbionParaguayJulio Enciso
40%
£7.4MBayern MunichNottingham ForestEnglandOmar Richards
40%
£10.5MAston VillaWest Ham UnitedEnglandDanny Ings
38%
£5.1MFulhamLiverpoolPortugalFabio Carvalho
38%
LoanSassuoloBournemouthIvory CoastHamed Junior Traore
38%
£22.1MStade RennesSouthamptonGhanaKamaldeen Sulemana
38%
£11.5MRB SalzburgLeeds UnitedDenmarkRasmus Kristensen
38%
£7.8MAtalantaNottingham ForestSwitzerlandRemo Freuler
38%
LoanFC MetzWolvesMaliBoubacar Traore
37%
£3.5MPSGEvertonSenegalIdrissa Gueye
37%
£15.7MWest Ham UnitedFulhamFranceIssa Diop
37%
£10.5MRB SalzburgLeeds UnitedAustriaMax Wober
37%
Free TransferManchester UnitedNottingham ForestEnglandJesse Lingard
36%
Free TransferFC BarcelonaBournemouthBrazilNeto
36%
£4.3MPSGWolvesSpainPablo Sarabia
36%
LoanSporting CPTottenham HotspurSpainPedro Porro
36%
LoanAtletico MadridNottingham ForestBrazilRenan Lodi
36%
Free TransferCorinthiansFulhamBrazilWillian
36%
LoanBurnleyManchester UnitedNetherlandsWout Weghorst
36%
£11MVasco da GamaChelseaBrazilAndrey Santos
35%
£8.7MVFL BochumSouthamptonGermanyArmel Bella-Kotchap
35%
Free TransferBurnleyBrentfordEnglandBen Mee
35%
£9.2MManchester UnitedEvertonEnglandJames Garner
35%
£9.7MOGC NiceWolvesGabonMario Lemina
35%
£11.5MVFB StuttgartNottingham ForestBelgiumOrel Mangala
35%
£15.9MKRC GenkSouthamptonNigeriaPaul Onuachu
35%
£20MDynamo KyivBournemouthUkraineIllia Zabarnyi
33%
LoanAtletico MadridWolvesBrazilMatheus Cunha
33%
£15.9MVFB StuttgartWolvesAustriaSasa Kalajdzic
33%
£3.9MFC ZurichLeeds UnitedItalyWilfried Gnonto
33%
LoanWolvesEvertonEnglandConor Coady
32%
£6.2MRangersSouthamptonNigeriaJoe Aribo
32%
LoanBayern MunichManchester UnitedAustriaMarcel Sabitzer
32%
£5MDinamo ZagrebSouthamptonCroatiaMislav Orsic
32%
LoanArsenalCrystal PalaceBelgiumAlbert Sambi Lokonga
31%
£3.1MArsenalFulhamGermanyBernd Leno
31%
Free TransferBrentfordManchester UnitedDenmarkChristian Eriksen
31%
£19.9MFC LorientBournemouthBurkina FasoDango Ouattara
31%
LoanManchester UnitedNottingham ForestEnglandDean Henderson
31%
£12.3MFC CopenhagenLeicester CityDenmarkVictor Kristiansen
31%
£4.2MAberdeenLiverpoolScotlandCalvin Ramsay
29%
LoanJuventusChelseaSwitzerlandDenis Zakaria
29%
£2MAtletico MadridNottingham ForestBrazilFelipe
29%
Free TransferInter MilanTottenham HotspurCroatiaIvan Perisic
29%
£16.8MHull CityBrentfordEnglandKeane Lewis-Potter
29%
£14.6MChicago FireAston VillaColombiaJhon Duran
28%
LoanAtletico MadridChelseaPortugalJoao Felix
28%
£6.1MVFL WolfsburgFulhamSwitzerlandKevin Mbabu
28%
LoanJuventusLiverpoolBrazilArthur
27%
LoanFC BarcelonaTottenham HotspurFranceClement Lenglet
27%
£3.2MWest Ham UnitedWolvesEnglandCraig Dawson
27%
Free TransferPalmeirasNottingham ForestBrazilGustavo Scarpa
27%
£16.5MFlamengoWolvesBrazilJoao Gomes
27%
LoanVillarreal CFTottenham HotspurNetherlandsArnaut Danjuma
26%
LoanLeeds UnitedFulhamWalesDaniel James
26%
£7.8MChicago FireChelseaUnited StatesGabriel Slonina
26%
£8.7MFSV Mainz 05Nottingham ForestSenegalMoussa Niakhate
26%
Free TransferCrystal PalaceNottingham ForestSenegalCheikhou Kouyate
24%
£5.1MHuddersfield TownNottingham ForestEnglandLewis O'Brien
24%
LoanNewcastle UnitedManchester UnitedSlovakiaMartin Dubravka
24%
LoanShakhtar DonetskLeicester CityBrazilMateus Tete
24%
£9.7MVelez SarsfieldManchester CityArgentinaMaximo Perrone
24%
£3MAS RomaAston VillaSwedenRobin Olsen
24%
£2.2MWolvesNottingham ForestIvory CoastWilly Boly
24%
£4.3MSL BenficaFulhamBrazilCarlos Vinicius
23%
LoanArsenalFulhamPortugalCedric
23%
Free TransferSouthamptonTottenham HotspurEnglandFraser Forster
23%
LoanCrystal PalaceManchester UnitedEnglandJack Butland
23%
£3MSao PauloArsenalBrazilMarquinhos
23%
Free TransferAl-SaddNottingham ForestGhanaAndre Ayew
22%
£5.2MRosario CentralBrighton & Hove AlbionArgentinaFacundo Buonanotte
22%
LoanSouthamptonAston VillaPolandJan Bednarek
22%
£7MManchester CitySouthamptonEnglandSamuel Edozie
22%
£7.9MTorinoFulhamSerbiaSasa Lukic
22%
Free TransferArminia BielefeldManchester CityGermanyStefan Ortega
22%
£8.9MBristol CityBournemouthGhanaAntoine Semenyo
21%
Free TransferOlympique MarseilleAston VillaFranceBoubacar Kamara
21%
£5.1MHuddersfield TownNottingham ForestEnglandHarry Toffolo
21%
TBCNewcastle UnitedNottingham ForestEnglandJonjo Shelvey
21%
LoanPSGFulhamFranceLayvin Kurzawa
21%
LoanShakhtar DonetskFulhamIsraelManor Solomon
21%
LoanAS RomaBournemouthUruguayMatias Vina
21%
£13.2MInter MilanChelseaItalyCesare Casadei
19%
£9.3MSwansea CityWest Ham UnitedEnglandFlynn Downes
19%
LoanChelseaBrighton & Hove AlbionEnglandLevi Colwill
19%
Loan | TBCBrighton & Hove AlbionFulhamIrelandShane Duffy
19%
LoanArsenalSouthamptonEnglandAinsley Maitland-Niles
18%
LoanSevilla FCAston VillaSwedenLudwig Augustinsson
18%
£11.5MFC BordeauxSouthamptonFranceSekou Mara
18%
£8.7MES TroyesNottingham ForestFranceGiulian Biancone
17%
£740KLuton TownSouthamptonEnglandJames Bree
17%
LoanSC FreiburgBrentfordGermanyKevin Schade
17%
LoanStade RennesNottingham ForestFranceLoic Bade
17%
£10.5MMiddlesbroughBournemouthEnglandMarcus Tavernier
17%
Free TransferLazioBrentfordAlbaniaThomas Strakosha
17%
Free TransferBurnleyNottingham ForestWalesWayne Hennessey
17%
£10.5MVFB StuttgartCrystal PalaceFranceNaouirou Ahamada
14%
LoanSporting CPEvertonPortugalRuben Vinagre
14%
£7MFC NordsjaellandBrighton & Hove AlbionIvory CoastSimon Adingra
13%
Free TransferWest Ham UnitedBournemouthIrelandDarren Randolph
12%
£2.9MWest Ham UnitedNewcastle UnitedScotlandHarrison Ashby
12%
Free TransferWest Ham UnitedBournemouthEnglandRyan Fredericks
12%
£300KCentral CoastNewcastle UnitedAustraliaGarang Kuol
10%
LoanSouthamptonBournemouthEnglandJack Stephens
10%
Free TransferBlackburn RoversBournemouthEnglandJoe Rothwell
10%
£2MBlackpoolNottingham ForestEnglandJosh Bowler
10%
Free TransferDerby CountyCrystal PalaceEnglandMalcolm Ebiowei
10%
Free TransferCardiff CityLeicester CityEnglandAlex Smithies
9%
Free TransferReal BetisLeeds UnitedSpainJoel Robles
9%
£3.5MAIKBrighton & Hove AlbionSwedenYasin Ayari
9%
£50KBristol CityWolvesEnglandDaniel Bentley
8%
Free TransferAltay SKSouthamptonPolandMateusz Lis
8%
Free TransferSao PauloWest Ham UnitedBrazilLuizao
5%
£830KLD AlajuelenseNottingham ForestCosta RicaBrandon Aguilera
4%

Score Distribution

Percentile by Number Answered

Percent of People with Each Score

Your Score History

You have not taken this quiz